<?xml version="1.0" encoding="UTF-8"?>
<record
    xmlns:xsi="http://www.w3.org/2001/XMLSchema-instance"
    xsi:schemaLocation="http://www.loc.gov/MARC21/slim http://www.loc.gov/standards/marcxml/schema/MARC21slim.xsd"
    xmlns="http://www.loc.gov/MARC21/slim">

  <leader>00501nam a2200193 a 4500</leader>
  <controlfield tag="001">1777282992332</controlfield>
  <controlfield tag="003">YourLibrary</controlfield>
  <controlfield tag="005">20260427151453.0</controlfield>
  <controlfield tag="008">260427s2009##################000#0#eng##</controlfield>
  <datafield tag="020" ind1=" " ind2=" ">
    <subfield code="a">9780170136082</subfield>
  </datafield>
  <datafield tag="082" ind1="0" ind2="4">
    <subfield code="a">373.94</subfield>
    <subfield code="b">GRO</subfield>
  </datafield>
  <datafield tag="100" ind1="1" ind2=" ">
    <subfield code="a">Groundwater-Smith, Susan,</subfield>
    <subfield code="e">author.</subfield>
  </datafield>
  <datafield tag="245" ind1="1" ind2="0">
    <subfield code="a">Secondary Schooling in a Changing World :</subfield>
  </datafield>
  <datafield tag="260" ind1=" " ind2=" ">
    <subfield code="c">2009.</subfield>
  </datafield>
  <datafield tag="300" ind1=" " ind2=" ">
    <subfield code="a">315 pages</subfield>
  </datafield>
  <datafield tag="650" ind1=" " ind2="0">
    <subfield code="a">Education.</subfield>
  </datafield>
  <datafield tag="942" ind1=" " ind2=" ">
    <subfield code="c">ENGLISH</subfield>
  </datafield>
  <datafield tag="040" ind1=" " ind2=" ">
    <subfield code="a">YourLibrary</subfield>
    <subfield code="b">eng</subfield>
    <subfield code="c">YourLibrary</subfield>
  </datafield>
  <datafield tag="999" ind1=" " ind2=" ">
    <subfield code="c">620083</subfield>
    <subfield code="d">620083</subfield>
  </datafield>
  <datafield tag="952" ind1=" " ind2=" ">
    <subfield code="0">0</subfield>
    <subfield code="1">0</subfield>
    <subfield code="4">0</subfield>
    <subfield code="7">0</subfield>
    <subfield code="a">ACL</subfield>
    <subfield code="b">ACL</subfield>
    <subfield code="c">4B</subfield>
    <subfield code="d">2026-04-27</subfield>
    <subfield code="l">0</subfield>
    <subfield code="o">373.94                 GRO</subfield>
    <subfield code="p">202961</subfield>
    <subfield code="r">2026-04-27 15:14:53</subfield>
    <subfield code="w">2026-04-27</subfield>
    <subfield code="y">ENGLISH</subfield>
  </datafield>
</record>
